Príprava, charakterizácia a štúdium komplexov ruténia s derivátmi kyseliny salicylovej

Salvato in:
Dettagli Bibliografici
Autore principale: Vargová, Sandra (Autore)
Altri autori: Piroš, Milan (Relatore della tesi)
Natura: Manoscritto Libro
Lingua:slovacco
Pubblicazione: 2024
Soggetti:
Accesso online:http://is.stuba.sk/zp/portal_zp.pl?podrobnosti=171596
Tags: Aggiungi Tag
Nessun Tag, puoi essere il primo ad aggiungerne!!

MARC

LEADER 00000ntm a22000003a 4500
001 stuzp99344
003 SK-STU
005 20240622210855.3
007 ta
008 150427s2015----xo-----f-mn---000-0-slo-d
040 |a STU  |b slo 
041 0 |a slo 
100 1 |a Vargová, Sandra  |u 042190  |4 aut  |U FCHPT Ústav anorganickej chémie, technológie a materiálov  |T FCHPT Oddelenie anorganickej chémie  |X 117291  |U C2190  |Y 112  |7 117291 
242 0 1 |a Preparation, characterization and study of ruthenium complexes with salicylic acid derivatives  |y eng 
245 1 0 |a Príprava, charakterizácia a štúdium komplexov ruténia s derivátmi kyseliny salicylovej 
260 |c 2024 
650 4 |a ruténium  |2 slo 
650 4 |a polypyridínové komplexy  |2 slo 
650 4 |a NSAIDs  |2 slo 
650 4 |a polypyridine complexes  |2 eng 
650 4 |a NSAIDs  |2 eng 
650 4 |a ruthenium  |2 eng 
700 1 |a Piroš, Milan  |u 042190  |k Z8  |4 ths  |U FCHPT Ústav anorganickej chémie, technológie a materiálov  |T FCHPT Oddelenie anorganickej chémie  |X 76470  |U C2190  |Y 112  |7 76470 
856 4 |u http://is.stuba.sk/zp/portal_zp.pl?podrobnosti=171596